000 00837nam a2200265 i 4500
001 bg
245 0 0 _aTermodynamika i technika cieplna
_bćwiczenia rachunkowe /
_cMarian Kieloch [et al] ; Politechnika Częstochowska.
260 _aCzęstochowa :
_bWydawnictwo Politechniki Częstochowskiej,
_c2006.
300 _a173 s. :
_bwykr. ;
_c24 cm.
490 1 _aSkrypty Politechniki Częstochowskiej
_x1234-9909
_v57
504 _aBibliogr.
650 9 _aTermodynamika
655 _aPodręczniki akademickie
700 1 _aKieloch, Marian.
830 _aSkrypty Politechniki Częstochowskiej
_x1234-9909
020 _a9788371933219
022 _a12349909
040 _cBPK
041 0 _apol
044 _aPOL
080 _a536.7(075.8)
920 _a978-83-7193-321-9
942 _cKS
008 s pl f |000 0 pol
999 _c54137
_d54137
856 _uhttp://koha.tu.koszalin.pl/cgi-bin/koha/opac-detail.pl?biblionumber=54137
_yKatalog online BPK